000 00555nam a22001817a 4500
005 20240430153500.0
010 _aENG-140072
020 _c500.00
035 _aEN-123604
037 _bDBAD
082 _a920
100 _aHussain ,Syed Muzaffar
_965259
245 _aMan with a Mission/
_cby Syed Nazar Hussain
260 _aMaharashtra
_bThe Sultan Khan Educational Trust
270 _aAsmita House, Asmita Township, Mira Road (E) ,Dist Thane
_bMaharashtra
_e401107
300 _a256p.
_c25cm(hb)
942 _2ddc
_cEN
_mHUS
_h920
_e1
999 _c201976
_d201976